Municipalities in the District of La Selva (Catalunya) - Statistics

General Stats
  • This quiz has been taken 65 times
  • The average score is 12 of 26
Answer Stats
Hint Answer % Correct
B Blanes
85%
LM Lloret de Mar
76%
SCF Santa Coloma de Farners
76%
SHS Sant Hilari Sacalm
61%
H Hostalric
59%
TM Tossa de Mar
59%
A Arbúcies
57%
MS Maçanet de la Selva
54%
A Amer
52%
CM Caldes de Malavella
52%
V Vidreres
50%
A Anglès
48%
M Massanes
46%
S Sils
46%
FS Fogars de la Selva
43%
R Riudarenes
41%
RS Riudellots de la Selva
39%
O Osor
37%
VO Vilobí d'Onyar
37%
SFB Sant Feliu de Buixalleu
35%
B Breda
30%
SJLB Sant Julià del Llor i Bonmatí
30%
CT La Cellera de Ter
28%
S Susqueda
28%
B Brunyola
22%
RV Riells i Viabrea
17%
No matching quizzes found
Score Distribution
Percent of People with Each Score
Percentile by Number Answered
Your Score History
You have not taken this quiz